| 000 | 01015nam a2200313 a 4500 | ||
|---|---|---|---|
| 001 | 2108 | ||
| 003 | UkOxU | ||
| 005 | 20211208233502.0 | ||
| 008 | 131210s1953 enk 000 0 eng d | ||
| 020 | _a0415313619 | ||
| 035 |
_aBNB2730.1527 _a(BD-RjUL)2135 |
||
| 040 |
_aBDS _beng _cBD-RjUL _dBD-RjUL |
||
| 041 | _aeng | ||
| 082 | 0 |
_a337 _221 _bMEP |
|
| 100 | 1 |
_aMeade, J. E. _q(James Edward), _d1907-1995 _96416 |
|
| 245 | 1 | 0 |
_aProblems of economic union / _cJ.E. Meade. |
| 260 |
_aLondon : _bRoutledge, _cc1953 |
||
| 300 |
_aix, 102 p. ; _c23 cm. |
||
| 490 | 1 |
_aRoutledge library editions. Economics ; _v061. _aInternational economics ; _v6 |
|
| 500 | _aOriginally published: Chicago, Ill.: University of Chicago, 1953. | ||
| 650 | 0 |
_aCommercial policy. _96899 |
|
| 650 | 0 |
_aBalance of trade. _96900 |
|
| 650 | 0 |
_aInternational cooperation. _96901 |
|
| 830 | 0 |
_v061. _96906 |
|
| 830 | 0 |
_v6. _96907 |
|
| 830 | 0 |
_aRoutledge library editions. _96908 |
|
| 830 | 0 |
_aRoutledge library editions. _96909 |
|
| 942 |
_2ddc _cBK |
||
| 999 |
_c2108 _d2108 |
||